Development credit agreement (Livestock Development project) between Republic of Chad and International deveopment Asociation : (Record no. 629019)

MARC details
000 -LEADER
fixed length control field 01229namaa2200337 a 4500
001 - CONTROL NUMBER
control field vtls000777571
003 - CONTROL NUMBER IDENTIFIER
control field NLI
005 - DATE AND TIME OF LATEST TRANSACTION
control field 20210627050949.0
008 - FIXED-LENGTH DATA ELEMENTS--GENERAL INFORMATION
fixed length control field 110319s1972 dcu i000 0 eng
039 #9 - LEVEL OF BIBLIOGRAPHIC CONTROL AND CODING DETAIL [OBSOLETE]
-- 201103192047
-- VLOAD
040 ## - CATALOGING SOURCE
Original cataloging agency NLI
Transcribing agency VTLS-2010_FOD
Description conventions AACR2
041 0# - LANGUAGE CODE
Language code of text/sound track or separate title eng
044 ## - COUNTRY OF PUBLISHING/PRODUCING ENTITY CODE
MARC country code dcu
082 04 - DEWEY DECIMAL CLASSIFICATION NUMBER
Classification number 332.15
245 00 - TITLE STATEMENT
Title Development credit agreement (Livestock Development project) between Republic of Chad and International deveopment Asociation :
Remainder of title May 31, 1972
260 ## - PUBLICATION, DISTRIBUTION, ETC.
Place of publication, distribution, etc. [Washington] :
Name of publisher, distributor, etc. International deveopment Asociation,
Date of publication, distribution, etc. 1972
300 ## - PHYSICAL DESCRIPTION
Extent 16 p. ;
Dimensions 28 cm.
500 ## - GENERAL NOTE
General note Cover title
500 ## - GENERAL NOTE
General note Conformed copy of Development credit agreement, Number 309 CD
500 ## - GENERAL NOTE
General note Development credit agreement between the Govt. and the International development Association
650 #0 - SUBJECT ADDED ENTRY--TOPICAL TERM
Topical term or geographic name entry element Livestock
Geographic subdivision Chad
9 (RLIN) 752889
650 #0 - SUBJECT ADDED ENTRY--TOPICAL TERM
Topical term or geographic name entry element Debt, Public
Geographic subdivision Chad
9 (RLIN) 752890
650 #0 - SUBJECT ADDED ENTRY--TOPICAL TERM
Topical term or geographic name entry element Financial aid contracts
710 2# - ADDED ENTRY--CORPORATE NAME
Corporate name or jurisdiction name as entry element International development Asociation (Washington),
Relationship pbl
710 2# - ADDED ENTRY--CORPORATE NAME
Corporate name or jurisdiction name as entry element World Bank (Washington)
887 ## - NON-MARC INFORMATION FIELD
Content of non-MARC field
901 ## - LOCAL DATA ELEMENT A, LDA (RLIN)
a UN-10030
b 04.09.1974
902 ## - LOCAL DATA ELEMENT B, LDB (RLIN)
a U.N 332.15 Ag 84 d (309 Cd)
949 ## - LOCAL PROCESSING INFORMATION (OCLC)
-- VIRTUAITEM
-- 10002
-- 100
6 UNX000010030ENG
942 ## - ADDED ENTRY ELEMENTS (KOHA)
Source of classification or shelving scheme Dewey Decimal Classification
Koha item type Books
Holdings
Withdrawn status Lost status Damaged status Not for loan Collection code Home library Current library Shelving location Date acquired Total Checkouts Full call number Barcode Date last seen Price effective from Koha item type
        United Nations National Library of India National Library of India Foreign Official Documents - United Nations     U.N 332.15 Ag 84 d (309 Cd) UNX000010030ENG 27/06/2021 27/06/2021 Books
                                                                           
web counter

Copyright ©2020 The National Library of India, Govt. of India ↔ Hosted by NVLI, MOC ↔ Technology and Design by National Library of India, Ministry of Culture, Govt. of India